00444nam a2200193Ia 4500003000900000008004100009040001300050040001300063041000800076100001400084245006600098250001100164260002100175260000900196300001100205300001000216490001600226490000800242IT-RoPAU120407s9999 xx 000 0 und d aIT-RoPAU cIT-RoPAU aita aErnst Ell aNaufragio del matrimonio? Conflitti coniugali: peso e chance. aMilano aEdizioni Paoline c1968 a174 p. c18 cm aLa famiglia v146